000 00572nam a2200217Ia 4500
003 OSt
005 20220928135348.0
006 a|||||r|||| 00| 0
007 ta
008 220927b |||||||| |||| 00| 0 eng d
024 _a1511
037 _cTextual
040 _aSDCL
_cSDCL
_beng
041 _2eng
_aeng
082 _aX:510j1, L8
100 _aRobertson Andrew
_9490057
245 0 _aStrategic marketing
_b A business response to consumeism
260 _c1978
942 _hX:510j1, L8
_cTEXL
_2CC
999 _c805361
_d805361